01598cam a2200421 i 4500001001200000003000600012005001700018008004100035035002100076035002300097040004500120100002200165245018400187260005500371300002600426336002700452337005400479338002800533380001400561500006500575504001200640530005300652648001900705648001900724650002900743650004500772650004500817650004400862650004400906651001600950651001500966655002800981658003401009658001301043658002801056710005001084856004201134xx003444891NUKAT20260422192024.0150528s1923 pl 2 |001 0 pol c a(OCoLC)899803477 a(NUKAT)xx003444891 aWA U/76AUcWA U/AUsdWA U/76DPdTOR U/WS1 aSchmidt, Wacław.10aGeneza prywatnej rosyjskiej własności ziemskiej w b. gubernjach wileńskiej, grodzeńskiej i mińskiej (1793-1875) :bz dodatkiem skorowidza majątków /cWacław Schmidt. aWarszawa :bGłówny Urząd Statystyczny,c1923. a[6], 104 s. ;c24 cm. aTekstbtxt2rdacontent aBez urządzenia pośredniczącegobn2rdamedia aWoluminbnc2rdacarrier aArtykuły aOdb.: Miesięcznik Statystyczny. R. 1922, t. 5, z. 11 i 12. aIndeks. aDostępne również w postaci elektronicznej. 7a1701-18002DBN 7a1801-19002DBN 7aWłasność rolna2DBN 4aWłasność rolnazPolskay18 w.2kaba 4aWłasność rolnazPolskay19 w.2kaba 7aWłasność rolnazRosjay18 w.2kaba 7aWłasność rolnazRosjay19 w.2kaba 7aPolska2DBN 7aRosja2DBN 7aNadbitki i odbitki2DBN aGospodarka, ekonomia, finanse aHistoria aRolnictwo i leśnictwo1 aPolska.bGłówny Urząd Statystyczny.4pbl41uhttp://kpbc.umk.pl/publication/216841